| 000 | 00915cam a2200301 a 4500 | ||
|---|---|---|---|
| 001 | 17288818 | ||
| 003 | OSt | ||
| 005 | 20210825144758.0 | ||
| 008 | 120507s2011 caua 001 0 eng | ||
| 010 | _a 2011903236 | ||
| 020 | _a9781936280254 | ||
| 038 | _akhadija | ||
| 040 |
_aDLC _cDLC _dDLC |
||
| 042 | _apcc | ||
| 050 | 0 | 0 |
_aQA76.76.O63 _bP52328 2011 |
| 082 | 0 | 0 |
_a005.432 _223 _bMAR |
| 100 | 1 |
_aPetersen, Richard, _d1949- _981707 |
|
| 245 | 1 | 0 |
_aRed Hat Enterprise Linux 6 : _bdesktop and administration / _cRichard Petersen |
| 260 |
_aAlameda, CA : _bSurfing Turtle Press, _cc2011. |
||
| 300 |
_a551 p. : _bill. ; _c24 cm. |
||
| 500 | _aIncludes index. | ||
| 563 | _apaperback | ||
| 630 | 0 | 0 |
_aLinux. _96656 |
| 650 | 0 |
_aOperating systems (Computers) _96657 |
|
| 906 |
_a7 _bcbc _corigcop _d3 _eepcn _f20 _gy-gencatlg |
||
| 942 |
_2ddc _cBK |
||
| 999 |
_c32985 _d32985 |
||